00437nam a2200169Ia 4500003000900000005001700009008004100026040001300067040001300080041000800093100002700101245010400128250001000232260000900242300001000251490000600261IT-RoPAU20220918175533.0120407s9999 xx 000 0 und d aIT-RoPAU cIT-RoPAU aita aGabriele Giamberardini aL’Immacolata Concezione di Maria nella chiesa egizia. La Mediazione di Maria nella chiesa egizia. aCairo c1952 c23 cm v2